| 000 | 00680nam a2200205 i 4500 | ||
|---|---|---|---|
| 001 | 74757 | ||
| 003 | ES-MaACL | ||
| 005 | 20230906172232.0 | ||
| 007 | t| | ||
| 008 | 040921s1973 sp f |||| | cat d | ||
| 100 | 1 |
_aGrabalosa, Ramón. _959438 |
|
| 245 | 1 | 0 |
_aBesalú _b: un país aspre i antic / _cRamón Grabalosa ; prolegs de Joan Teixidor i Antoni Noguera i Massa. |
| 250 | _a2ª ed. | ||
| 260 |
_a[Granollers] : _bMontblanc-Martín, _c1973. |
||
| 300 |
_a209 p., 18 lám. ; _c24 cm. |
||
| 651 | 4 |
_aGerona (Provincia)- _xDescripción. _9153503 |
|
| 700 | 1 |
_aTeixidor, Joan ( _d1913-1992) _9109541 |
|
| 700 | 1 |
_aNoguera i Massa, Antoni. _985874 |
|
| 852 |
_aES-MaACL _jC-54662 |
||
| 999 |
_c74757 _d74757 |
||